<?xml version="1.0" encoding="UTF-8"?>
<record
    xmlns:xsi="http://www.w3.org/2001/XMLSchema-instance"
    xsi:schemaLocation="http://www.loc.gov/MARC21/slim http://www.loc.gov/standards/marcxml/schema/MARC21slim.xsd"
    xmlns="http://www.loc.gov/MARC21/slim">

  <leader>01092cam a2200325 i 4500</leader>
  <datafield tag="999" ind1=" " ind2=" ">
    <subfield code="c">7729</subfield>
    <subfield code="d">7729</subfield>
  </datafield>
  <controlfield tag="001">991060927527706706</controlfield>
  <controlfield tag="003">OSt</controlfield>
  <controlfield tag="005">20230516100041.0</controlfield>
  <controlfield tag="008">230222e202211  spcb || ||||| ||||0 cat| ---|c</controlfield>
  <datafield tag="015" ind1=" " ind2=" ">
    <subfield code="a">LL2023</subfield>
    <subfield code="2">bnc</subfield>
  </datafield>
  <datafield tag="017" ind1=" " ind2=" ">
    <subfield code="a">DL B 20401-2022</subfield>
    <subfield code="b">Bibllioteca de Catalunya</subfield>
  </datafield>
  <datafield tag="020" ind1=" " ind2=" ">
    <subfield code="a">9788419007469</subfield>
  </datafield>
  <datafield tag="040" ind1=" " ind2=" ">
    <subfield code="a">ES-BaUB</subfield>
    <subfield code="b">cat</subfield>
    <subfield code="e">rda</subfield>
    <subfield code="c">CDMR</subfield>
    <subfield code="d">CDMR</subfield>
  </datafield>
  <datafield tag="043" ind1=" " ind2=" ">
    <subfield code="a">e-pl---</subfield>
  </datafield>
  <datafield tag="080" ind1=" " ind2=" ">
    <subfield code="a">341.485</subfield>
    <subfield code="x">(=411.16)</subfield>
    <subfield code="x">(438)</subfield>
    <subfield code="x">"1939/1945"</subfield>
    <subfield code="2">2004</subfield>
  </datafield>
  <datafield tag="080" ind1=" " ind2=" ">
    <subfield code="a">94</subfield>
    <subfield code="x">(=411.16:438)</subfield>
    <subfield code="x">(438)</subfield>
    <subfield code="x">"19"</subfield>
    <subfield code="2">2004</subfield>
  </datafield>
  <datafield tag="100" ind1="1" ind2=" ">
    <subfield code="a">Serrano, David,</subfield>
  </datafield>
  <datafield tag="245" ind1="1" ind2="0">
    <subfield code="a">Jedwabne :</subfield>
    <subfield code="b">una hist&#xF2;ria universal /</subfield>
    <subfield code="c">David Serrano Blanquer</subfield>
  </datafield>
  <datafield tag="264" ind1=" " ind2="1">
    <subfield code="a">Barcelona :</subfield>
    <subfield code="b">Base,</subfield>
    <subfield code="c">2022</subfield>
  </datafield>
  <datafield tag="300" ind1=" " ind2=" ">
    <subfield code="a">347 p&#xE0;gines :</subfield>
    <subfield code="b">mapa il&#xB7;lustrat ;</subfield>
    <subfield code="c">24 cm</subfield>
  </datafield>
  <datafield tag="490" ind1="1" ind2=" ">
    <subfield code="a">Base hist&#xF2;rica ;</subfield>
    <subfield code="v">186</subfield>
  </datafield>
  <datafield tag="504" ind1=" " ind2=" ">
    <subfield code="a">Notes</subfield>
  </datafield>
  <datafield tag="650" ind1=" " ind2="7">
    <subfield code="a">Holocaust Jueu (1939-1945)</subfield>
    <subfield code="z">Pol&#xF2;nia</subfield>
    <subfield code="z">Jedwabne.</subfield>
    <subfield code="2">lemac</subfield>
  </datafield>
  <datafield tag="650" ind1=" " ind2="7">
    <subfield code="a">Jueus</subfield>
    <subfield code="z">Pol&#xF2;nia</subfield>
    <subfield code="z">Jedwabne</subfield>
    <subfield code="x">Hist&#xF2;ria</subfield>
    <subfield code="y">S. XX.</subfield>
    <subfield code="2">lemac</subfield>
  </datafield>
  <datafield tag="650" ind1=" " ind2="7">
    <subfield code="a">Guerra Mundial II, 1939-1945</subfield>
    <subfield code="x">Jueus</subfield>
    <subfield code="z">Pol&#xF2;nia</subfield>
    <subfield code="z">Jedwabne.</subfield>
    <subfield code="2">lemac</subfield>
  </datafield>
  <datafield tag="830" ind1=" " ind2="0">
    <subfield code="a">Base hist&#xF2;rica ;</subfield>
    <subfield code="v">186</subfield>
  </datafield>
  <datafield tag="908" ind1=" " ind2=" ">
    <subfield code="a">UB</subfield>
    <subfield code="a">URL</subfield>
    <subfield code="a">BC</subfield>
    <subfield code="a">UPF</subfield>
  </datafield>
  <datafield tag="940" ind1=" " ind2=" ">
    <subfield code="a">UB</subfield>
  </datafield>
  <datafield tag="942" ind1=" " ind2=" ">
    <subfield code="2">udc</subfield>
    <subfield code="c">MON</subfield>
  </datafield>
  <datafield tag="952" ind1=" " ind2=" ">
    <subfield code="0">0</subfield>
    <subfield code="1">0</subfield>
    <subfield code="4">0</subfield>
    <subfield code="7">0</subfield>
    <subfield code="a">CDMR</subfield>
    <subfield code="b">CDMR</subfield>
    <subfield code="d">2023-05-16</subfield>
    <subfield code="e">Donaci&#xF3;</subfield>
    <subfield code="g">20.00</subfield>
    <subfield code="l">2</subfield>
    <subfield code="m">1</subfield>
    <subfield code="o">Dj /149</subfield>
    <subfield code="p">CDMR23050005</subfield>
    <subfield code="r">2024-03-11</subfield>
    <subfield code="s">2024-01-26</subfield>
    <subfield code="w">2023-05-16</subfield>
    <subfield code="y">MON</subfield>
  </datafield>
</record>
